Guitar Players - Sudden Death - Statistics

General Stats
  • This quiz has been taken 196 times
    44 since last reset
  • The average score is 9 of 29
Answers on the Grid
Answers color-coded by a green-red scale on the quiz's grid according to % correct below.
Jimi Hendrix
Jeff Beck
Peter Criss
Rob Halford
Nate Mendel
Brian Wilson
Axl Rose
Tony Iommi
Angus Young
Lita Ford
Krist Novoselic
Dave Grohl
Gene Simmons
Flea
Chester Bennington
Taylor Hawkins
Lars Ulrich
Steve Lukather
Nita Strauss
Johnny Depp
Eddie Van Halen
Chad Smith
Slash
Dave Stewart
Emily Armstrong
Billy Morrison
Bruce Dickinson
Joe Perry
Tommy Henriksen
Pat Smear
Rob Bourdon
Eric Clapton
Andre Benjamin
Joan Jett
James Hetfield
Amy Lee
Mike Love
Tommy Lee
Joe Hahn
Kurt Cobain
Phil Collins
Andy Scott
Ian Gillan
Joe Walsh
Klaus Meine
Don Henley
Ronnie Van Zant
Glenn Hughes
Mikkey Dee
Rick Astley
 
Answer Stats
Answer % Correct
Jimi Hendrix
92%
Eddie Van Halen
73%
Jeff Beck
73%
Kurt Cobain
65%
Angus Young
62%
Slash
62%
Eric Clapton
58%
Tony Iommi
54%
James Hetfield
50%
Dave Grohl
42%
Joan Jett
31%
Joe Perry
31%
Johnny Depp
31%
Steve Lukather
19%
Brian Wilson
15%
Lita Ford
15%
Pat Smear
15%
Flea
12%
Gene Simmons
12%
Nita Strauss
12%
Axl Rose
8%
Emily Armstrong
8%
Glenn Hughes
8%
Nate Mendel
8%
Andy Scott
4%
Billy Morrison
4%
Dave Stewart
4%
Krist Novoselic
4%
Tommy Henriksen
4%
No matching quizzes found
Score Distribution
Percent of People with Each Score
Percentile by Number Answered
Your Score History
You have not taken this quiz since the last reset